Australian government and politics : (Record no. 36472)
[ view plain ]
| 000 -LEADER | |
|---|---|
| fixed length control field | 00921nam a2200301 a 4500 |
| 001 - CONTROL NUMBER | |
| control field | 36472 |
| 003 - CONTROL NUMBER IDENTIFIER | |
| rucl marc code | BD-RjUL |
| 005 - DATE AND TIME OF LATEST TRANSACTION | |
| control field | 20211209052507.0 |
| 008 - FIXED-LENGTH DATA ELEMENTS--GENERAL INFORMATION | |
| fixed length control field | 140624s1971 enkab b 001 0 eng d |
| 020 ## - INTERNATIONAL STANDARD BOOK NUMBER | |
| International Standard Book Number | 0715605534 |
| International Standard Book Number | 0715605542 (pbk.) |
| 035 ## - SYSTEM CONTROL NUMBER | |
| System control number | (BD-RjUL)36572 |
| System control number | 1032919 |
| 040 ## - CATALOGING SOURCE | |
| Original cataloging agency | LC |
| Language of cataloging | eng |
| Transcribing agency | LC |
| Modifying agency | BD-RjUL |
| 041 ## - LANGUAGE CODE | |
| Language code of text/sound track or separate title | eng |
| 082 04 - DEWEY DECIMAL CLASSIFICATION NUMBER | |
| Classification number | 320.994 |
| Edition number | 19 |
| Author mark and year | MIA 1971 |
| 100 1# - MAIN ENTRY--PERSONAL NAME | |
| Personal name | Miller, J. D. B. |
| Fuller form of name | (John Donald Bruce), |
| Dates associated with a name | 1922- |
| 9 (RLIN) | 5857 |
| 245 10 - TITLE STATEMENT | |
| Title | Australian government and politics : |
| Remainder of title | an introductory survey / |
| Statement of responsibility, etc. | J.D.B. Miller and Brian Jinks. |
| 250 ## - EDITION STATEMENT | |
| Edition statement | 4th ed. |
| 260 ## - PUBLICATION, DISTRIBUTION, ETC. (IMPRINT) | |
| Place of publication, distribution, etc. | London : |
| Name of publisher, distributor, etc. | Duckworth, |
| Date of publication, distribution, etc. | 1971. |
| 300 ## - PHYSICAL DESCRIPTION | |
| Pagination | [9], 225 p. : |
| Illustrations | ill.; |
| Size | 23 cm. |
| 504 ## - BIBLIOGRAPHY, ETC. NOTE | |
| Bibliography, etc | Includes bibliographical references and index. |
| 651 #0 - SUBJECT ADDED ENTRY--GEOGRAPHIC NAME | |
| Geographic name | Australia |
| General subdivision | Politics and government. |
| 9 (RLIN) | 111040 |
| 700 1# - ADDED ENTRY--PERSONAL NAME | |
| Personal name | Jinks, Brian. |
| 942 ## - ADDED ENTRY ELEMENTS (KOHA) | |
| Source of classification or shelving scheme | Dewey Decimal Classification |
| Koha item type | Books |
| Lost status | Source of classification or shelving scheme | Damaged status | Not for loan | Collection code | Permanent Location | Current Location | Shelving location | Date acquired | Source of acquisition | Cost, normal purchase price | Total Checkouts | Full call number | Date last seen | Copy number | Koha item type |
|---|---|---|---|---|---|---|---|---|---|---|---|---|---|---|---|
| Dewey Decimal Classification | Not For Loan | Non-fiction | Central Library, University of Rajshahi | Central Library, University of Rajshahi | Reading Room | 12/09/1973 | Gov of Australia | 0.00 | 320.994 MIA 1971 | 24/06/2014 | C-1 | Books |